El Mercado Común Centroamericano de ciencia y tecnología

שמור ב:
מידע ביבליוגרפי
מחבר ראשי: Ferrer, Aldo
פורמט: Texto
יצא לאור: San José: CSUCA
תגים: הוספת תג
אין תגיות, היה/י הראשונ/ה לתייג את הרשומה!

MARC

LEADER 00000 a a2200000 04500
001 20342
003
040 |a CRAI/IIS  |c CRAI/IIS 
090 |a 084600  
100 |a Ferrer, Aldo  
245 |a El Mercado Común Centroamericano de ciencia y tecnología  
260 |a San José:   |b CSUCA  
300 |a 58 p.  
999 |c 12158  |d 12158